Lịch sử thế giới cận đại 1640-1870; Q1; T3; P2
Đã lưu trong:
| Príomhúdar: | |
|---|---|
| Formáid: | Leabhar |
| Teanga: | Undetermined |
| Foilsithe: |
Hà Nội
Giáo dục
1979
|
| Ábhair: | |
| Clibeanna: |
Cuir Clib Leis
Gan Chlibeanna, Bí ar an gcéad duine leis an taifead seo a chlibeáil!
|
| Thư viện lưu trữ: | Trung tâm Học liệu Trường Đại học Cần Thơ |
|---|
| LEADER | 00595nam a2200169Ia 4500 | ||
|---|---|---|---|
| 001 | CTU_46227 | ||
| 008 | 210402s9999 xx 000 0 und d | ||
| 082 | |a 940.284 | ||
| 082 | |b L302/Q1/T3/P2 | ||
| 100 | |a Phạm Gia Hải | ||
| 245 | 0 | |a Lịch sử thế giới cận đại 1640-1870; Q1; T3; P2 | |
| 245 | 0 | |c Phạm Gia Hải, Phan Ngọc Liên, Phạm Hữu Lư, Trần Văn Trị | |
| 260 | |a Hà Nội | ||
| 260 | |b Giáo dục | ||
| 260 | |c 1979 | ||
| 650 | |a communism,socialism,world history - 19th century | ||
| 980 | |a Trung tâm Học liệu Trường Đại học Cần Thơ | ||